Uvedení do logopedie / Miloš Sovák
Record details
- Physical Description: 327 s. : obr. ; 21 cm
- Edition: 2. vyd.
- Publisher: Praha : Státní pedagogické nakladatelství, 1981
Content descriptions
| General Note: | Rejstř. jm., věc. |
| Bibliography, etc. Note: | Bibliogr. |
Search for related items by subject
| Subject: | logopedie, učebnice pro VŠ Sovák, Miloš (1905-1989) |
| Genre: | učebnice |
Search for related items by series
Available copies
- 1 of 1 copy available at Common Catalog SPOK.
Holds
- 0 current holds with 1 total copy.
Show Only Available Copies
| Location | Call Number / Copy Notes | Barcode | Shelving Location | Status | Due Date |
|---|---|---|---|---|---|
| Jabok Library | PeS-5.4 /S | 424480023344 | Odborná literatura | Available | - |
| LDR | 02009cam a22006137a 4500 | ||
|---|---|---|---|
| 001 | 13812 | ||
| 003 | CZ-PrJAB | ||
| 005 | 20200106093017.0 | ||
| 007 | ta | ||
| 008 | 960423s1981 xr |||||r|||||||| ||cze|d | ||
| 015 | . | ‡acnb000160518 | |
| 035 | . | ‡a(CZ PrSKC)000772727 | |
| 035 | . | ‡a(OCoLC)40080505 | |
| 040 | . | ‡aABD005 ‡bcze ‡cABD005 ‡dABD005 | |
| 100 | 1 | . | ‡aSovák, Miloš, ‡d1905-1989 ‡7jk01120617 ‡4aut |
| 245 | 1 | 0. | ‡aUvedení do logopedie / ‡cMiloš Sovák |
| 250 | . | ‡a2. vyd. | |
| 260 | . | ‡aPraha : ‡bStátní pedagogické nakladatelství, ‡c1981 | |
| 300 | . | ‡a327 s. : ‡bobr. ; ‡c21 cm | |
| 490 | 1 | . | ‡aKnižnice speciální pedagogiky |
| 490 | 1 | . | ‡aUčebnice pro vysoké školy |
| 500 | . | ‡aRejstř. jm., věc. | |
| 504 | . | ‡aBibliogr. | |
| 650 | 0 | 4. | ‡alogopedie, učebnice pro VŠ |
| 650 | 0 | 4. | ‡aSovák, Miloš (1905-1989) |
| 655 | 7. | ‡aučebnice ‡7fd133770 ‡2czenas | |
| 830 | 0. | ‡aKnižnice speciální pedagogiky | |
| 830 | 0. | ‡aUčebnice pro vysoké školy | |
| 910 | . | ‡aABG312 | |
| 995 | . | ‡aska | |
| 901 | . | ‡a13812 ‡bCZ PrSKC ‡c13812 ‡tbiblio | |